Rappers That Fell Off - Statistics

General Stats
  • This quiz has been taken 19 times
  • The average score is 11 of 21
Answer Stats
Song Rapper % Correct
The Box Roddy Ricch
81%
Gucci Gang Lil Pump
75%
Crank That (Soulja Boy Tell 'Em) Soulja Boy
75%
Ice Ice Baby Vanilla Ice
75%
Panda Desiigner
69%
Trap Queen Fetty Wap
69%
Unforgettable (with Swae Lee) French Montana
69%
Mo Bamba Sheck Wes
69%
Drip Too Hard (with Gunna) Lil Baby
63%
Mood (with Iann Dior) 24k goldn
56%
Blueberry Faygo Lil Mosey
56%
BOP DaBaby
44%
Homicide (with Eminem) Logic
38%
Ridin' (with Krayzie Bone) Chamillionaire
31%
Deli Ice Spice
31%
NO SNITCHING (with DUSTY LOCANE) Lil Mabu
31%
Betrayed Lil Xan
31%
Party Girl Staysolidrocky
31%
Cocao Butter Kisses Chance, the Rapper
25%
Onna Come Up Lil Eazzyy
25%
RR Smokepurpp
19%
No matching quizzes found
Score Distribution
Percent of People with Each Score
Percentile by Number Answered
Your Score History
You have not taken this quiz